| 000 | 01580nam a2200313Ia 4500 | ||
|---|---|---|---|
| 001 | ebr10049189 | ||
| 003 | CaPaEBR | ||
| 006 | m u | ||
| 007 | cr cn||||||||| | ||
| 008 | 020906s2003 dcu sb 001 0 eng d | ||
| 020 | _z0309090768 | ||
| 040 |
_aCaPaEBR _cCaPaEBR |
||
| 035 | _a(OCoLC)568502077 | ||
| 050 | 1 | 4 |
_aRJ249 _b.W445 2003eb |
| 082 | 0 | 4 |
_a362.1/75/083 _221 |
| 245 | 0 | 0 |
_aWhen children die _h[electronic resource] : _bimproving palliative and end-of-life care for children and their families : [popular summary] / _cCommittee on Palliative and End-of-Life Care for Children and Their Families, Board on Health Sciences Policy ; Marilyn J. Field and Richard E. Behrman, editors. |
| 260 |
_aWashington, D.C. : _bNational Academy Press, _cc2003. |
||
| 300 | _aii, 14 p. | ||
| 500 | _a"This document is a brief summary of the Institute of Medicine report entitled "When Children Die: Improving Palliative and End-of-Life Care for Children"." -- p.ii | ||
| 533 |
_aElectronic reproduction. _bPalo Alto, Calif. : _cebrary, _d2009. _nAvailable via World Wide Web. _nAccess may be limited to ebrary affiliated libraries. |
||
| 650 | 0 |
_aTerminally ill children _xCare. |
|
| 650 | 0 |
_aTerminally ill children _xFamily relationships. |
|
| 650 | 0 | _aPalliative treatment. | |
| 655 | 7 |
_aElectronic books. _2local |
|
| 700 | 1 |
_aField, Marilyn J. _q(Marilyn Jane) |
|
| 700 | 1 |
_aBehrman, Richard E., _d1931- |
|
| 710 | 2 | _aebrary, Inc. | |
| 856 | 4 | 0 |
_uhttp://site.ebrary.com/lib/rucke/Doc?id=10049189 _zAn electronic book accessible through the World Wide Web; click to view |
| 999 |
_c76515 _d76515 |
||